000 00340nam a2200133Ia 4500
008 230411s9999 xx 000 0 und d
041 _aeng
082 _aEC/330/MAL/B04271
100 _aMali Ramling
245 _aHealth Economics for Nurses
260 _bSneha Publications
_aMumbai
_c2007
300 _a143p
999 _c154968
_d154968